| 000 | 00529nam a22001937a 4500 | ||
|---|---|---|---|
| 999 |
_c7993 _d7993 |
||
| 001 | 21482 | ||
| 003 | BD-DhUAP | ||
| 005 | 20220113194300.0 | ||
| 008 | 220108b20142021bg |||| |||| 000 0 eng d | ||
| 020 | _a9789840427598 | ||
| 040 |
_aBD-DhUAP _beng _cBD-DhUAP _dBD-DhUAP _eBD-DhUAP |
||
| 082 |
_223 _a954.92 SAF |
||
| 100 | _aSafiullah, K M. | ||
| 245 |
_a15th August : _ba national tragedy / _cK M Safiullah |
||
| 260 |
_aDhaka : _bAgamee, _c2021. |
||
| 300 |
_a184 p. ; _c23 cm. |
||
| 651 |
_aBangladesh. _xHistory |
||
| 942 |
_2ddc _cBK |
||